[Event "Mukachevo IM October 2019"]
[Site "Mukachevo"]
[Date "2019.10.02"]
[Round "3.5"]
[White "Vachylia, Andrii"]
[Black "Rytenko, Vsevolod"]
[Result "0-1"]
[WhiteElo "2201"]
[BlackElo "2387"]
[Annotator "TA"]
[PlyCount "96"]
[EventDate "2019.10.01"]
[EventType "tourn"]
[EventCountry "UKR"]
[SourceTitle "playchess.com"]
[Source "ChessBase"]
[SourceQuality "1"]

{[%evp 12,122,0,12,20,17,16,-14,-8,-3,16,-41,-20,-49,-47,-55,-45,-46,-45,-75,-52,-54,-20,-132,-97,-131,-103,-120,-38,-102,-94,-82,-85,-105,0,0,93,-18,-16,-18,-10,0,-26,-136,-134,-222,-196,-475,-466,-614,0,0,318,318,318,318,362,-71,-37,-27,-33,-52,-60,-251,-228,-228,-228,-228,-220,-189,-177,-160,-139,-135,-33,-37,-24,-24,-12,-12,0,0,0,0,0,-29962,-177,-1572,-56,-61,-61,-61,-61,-61,-61,-61,-61,-29977,-29978,-29978,-29979,-29979,-29980,-29986,-29987,-29987,-29988,-29990,-29986,-29992,-29993,-29998,-29998]} 1. Nf3 Nf6 2. b3 c5 3. Bb2 Nc6 4. e3 d5 5. d4 Bg4 6. Be2 e6 7. O-O Be7 {A06: Réti Opening:1 Nf3 d5} (7... Rc8 8. Nbd2 cxd4 9. Nxd4 Bxe2 10. Nxe2 Be7 11. c4 {½-½ (11) Moussard,J (2605)-Peralta,F (2580) Barcelona 2019}) 8. Nbd2 O-O 9. Ne5 Bxe2 {The position is equal.} 10. Qxe2 Nd7 11. Qg4 (11. Nxc6 $11 bxc6 12. h3) 11... f5 12. Qh3 $146 ({Predecessor:} 12. Qe2 Ndxe5 13. dxe5 Qd7 14. f4 Rfd8 15. Rfd1 {0-1 (40) Oberbacher,M (1537)-Falk,T (2033) Braunschweig 2011}) 12... Ndxe5 13. dxe5 b5 14. a4 a6 15. e4 d4 16. exf5 exf5 17. Rfe1 (17. axb5 $11 axb5 18. Rxa8 Qxa8 19. Ra1) 17... Nb4 $1 $17 {[%cal Rb4c2]} 18. Rac1 Bg5 19. Red1 Qd7 (19... Qd5 $17 20. Qg3 Bxd2 21. Rxd2 f4) 20. Qg3 (20. c3 $15 dxc3 21. Bxc3) 20... Bxd2 21. Rxd2 f4 22. Qf3 bxa4 ({Better is} 22... Nc6 $1 $17 {[%cal Rc6e5]} 23. Re2 Rae8) 23. c3 Na2 (23... Nc6 $1 $11) 24. Ra1 ({White has to play} 24. Re1 $16) 24... axb3 $11 {[%cal Ba4b3,Bb3a2][%mdl 32]} 25. cxd4 c4 26. d5 $1 Rac8 {...c3 is the strong threat.} 27. e6 (27. d6 $1 $11 {remains equal.} Rfe8 28. Bc3) 27... Qd6 $17 {Hoping for ...c3.} 28. Rxa2 (28. Bc3 $17 {was worth a try.}) 28... bxa2 $19 29. Qc3 $2 (29. h3) 29... Rc7 30. Ba3 Rb8 $2 (30... Qb6 $19 31. Rd1 Qb1) 31. h3 $1 $11 Rb3 $2 {[%mdl 8192]} (31... Qd8 $1 $11 32. Rxa2 Qxd5) 32. Bxd6 $18 Rxc3 33. Rxa2 {[%mdl 4096] Endgame KRR-KRB} Rc8 34. Be5 $2 ({White must play} 34. Bxf4 $18 Re8 35. Re2 (35. Rxa6 Rd3 $14)) 34... Rd3 35. d6 Re8 36. e7 Kf7 {aiming for ...g5.} 37. Kf1 $2 (37. Rxa6 $15 g5 38. g3) 37... g5 38. Rxa6 Ke6 39. Bf6 Rxd6 ({Weaker is} 39... Kxf6 40. d7+ Kxe7 41. dxe8=Q+ Kxe8 42. Ke2 $17) 40. Rxd6+ Kxd6 41. Bxg5 $19 {KR-KB} Kc5 42. Ke2 {[#]} Kb4 (42... h6 $1 $17 {[%mdl 512]} 43. Bh4 (43. Bxh6 Rxe7+) 43... Kd6) 43. Kd2 $15 Kb3 {Threatens to win with ...f3!} 44. Bf6 h6 45. g4 f3 46. h4 c3+ 47. Bxc3 {And now Bf6 would win.} Rxe7 48. Bd4 $2 {[%mdl 8192]} (48. Kd3 $11) 48... Kc4 {Played: Re7-e4} 0-1

[Event "Mukachevo IM October 2019"]
[Site "Mukachevo"]
[Date "2019.10.03"]
[Round "4.1"]
[White "Shkuran, Danylo"]
[Black "Rytenko, Vsevolod"]
[Result "0-1"]
[WhiteElo "2343"]
[BlackElo "2387"]
[Annotator "ChessBase"]
[PlyCount "88"]
[EventDate "2019.10.01"]
[EventType "tourn"]
[EventCountry "UKR"]
[SourceTitle "playchess.com"]
[Source "ChessBase"]
[SourceQuality "1"]
[TimeControl "40/5400+30:900+30"]

1. Nf3 {[%emt 0:01:05]} d5 {[%emt 0:00:00]} 2. g3 {[%emt 0:00:12]} Nf6 {[%emt 0:00:13]} 3. Bg2 {[%emt 0:00:07]} e6 {[%emt 0:00:06]} 4. O-O {[%emt 0:00:08]} Be7 {[%emt 0:00:07]} 5. d3 {[%emt 0:00:40]} O-O {[%emt 0:00:28]} 6. Nbd2 {[%emt 0:00:05]} c5 {[%emt 0:03:27]} 7. e4 {[%emt 0:01:23]} Nc6 {[%emt 0:02:34]} 8. Re1 {[%emt 0:01:31]} b5 {[%emt 0:04:20]} 9. a4 {[%emt 0:02:24]} b4 {[%emt 0:00:13]} 10. exd5 {[%emt 0:00:26]} exd5 {[%emt 0:00:24]} 11. Ne5 {[%emt 0:00:46]} Nxe5 {[%emt 0:04:18]} 12. Rxe5 {[%emt 0:00:54]} Bd6 {[%emt 0:00:08]} 13. Re1 {[%emt 0:01:57]} Be6 {[%emt 0:01:26]} 14. Nf3 {[%emt 0:03:50]} h6 {[%emt 0:02:45]} 15. d4 {[%emt 0:05:18]} c4 {[%emt 0:01:44]} 16. Ne5 {[%emt 0:03:07]} Qc7 {[%emt 0:04:09]} 17. f4 {[%emt 0:05:11]} Rae8 {[%emt 0:04:27]} 18. h3 {[%emt 0:04:30]} Ne4 {[%emt 0:05:29]} 19. Bxe4 {[%emt 0:06:45]} dxe4 {[%emt 0:00:11]} 20. Kh2 {[%emt 0:00:10]} Qc8 {[%emt 0:04:42]} 21. Qh5 {[%emt 0:13:15]} Kh7 {[%emt 0:04:25]} 22. Rxe4 {[%emt 0:12:21]} g6 {[%emt 0:03:19]} 23. Qe2 {[%emt 0:04:19]} f6 {[%emt 0:01:17]} 24. Nf3 {[%emt 0:00:55]} Bxh3 {[%emt 0:00:42]} 25. Rxe8 {[%emt 0:08:01]} Rxe8 {[%emt 0:00:13]} 26. Qf2 {[%emt 0:04:31]} Bg4 {[%emt 0:00:51]} 27. Be3 {[%emt 0:03:10]} Qf5 {[%emt 0:02:24]} 28. Nh4 {[%emt 0:04:34]} Qh5 {[%emt 0:01:12]} 29. Kg1 {[%emt 0:01:15]} Bd7 {[%emt 0:01:09]} 30. Re1 {[%emt 0:07:17]} Bc6 {[%emt 0:01:22]} 31. Ng2 {[%emt 0:04:30]} Qd5 {[%emt 0:00:24]} 32. Bd2 {[%emt 0:00:46]} Rxe1+ {[%emt 0:01:22]} 33. Bxe1 {[%emt 0:00:05]} Bxa4 {[%emt 0:00:32]} 34. c3 {[%emt 0:00:03]} b3 {[%emt 0:01:14]} 35. Ne3 {[%emt 0:00:10]} Qe4 {[%emt 0:00:18]} 36. Ng4 {[%emt 0:01:07]} Be7 {[%emt 0:00:52]} 37. Qe3 {[%emt 0:00:31]} Bc6 {[%emt 0:00:14]} 38. Qxe4 {[%emt 0:00:07]} Bxe4 {[%emt 0:00:03]} 39. Bd2 {[%emt 0:01:11]} a5 {[%emt 0:00:49]} 40. Nf2 {[%emt 0:00:00]} Bc2 {[%emt 0:00:00]} 41. Bc1 {[%emt 0:03:03]} a4 {[%emt 0:02:08]} 42. Kf1 {[%emt 0:00:34]} Bb4 {[%emt 0:01:40]} 43. cxb4 {[%emt 0:00:39]} a3 {[%emt 0:00:07]} 44. bxa3 {[%emt 0:00:04]} c3 {[%emt 0:00:04]} 0-1

[Event "Mukachevo IM October 2019"]
[Site "Mukachevo"]
[Date "2019.10.03"]
[Round "4.2"]
[White "Petrovskiy, Vadim"]
[Black "Vachylia, Andrii"]
[Result "1-0"]
[WhiteElo "2197"]
[BlackElo "2201"]
[Annotator "NA"]
[PlyCount "61"]
[EventDate "2019.10.01"]
[EventType "tourn"]
[EventCountry "UKR"]
[SourceTitle "playchess.com"]
[Source "ChessBase"]
[SourceQuality "1"]
[TimeControl "40/5400+30:900+30"]

1. e4 {[%emt 0:08:35]} c5 {[%emt 0:00:00]} 2. Nf3 {[%emt 0:00:08]} d6 {[%emt 0:00:00]} 3. d4 {[%emt 0:00:07]} cxd4 {[%emt 0:00:00]} 4. Nxd4 {[%emt 0:00:04]} Nf6 {[%emt 0:00:04]} 5. Nc3 {[%emt 0:00:07]} a6 {[%emt 0:00:29]} 6. Bg5 {[%emt 0:00:37]} e6 {[%emt 0:00:57]} 7. f4 {[%emt 0:00:11]} Be7 {[%emt 0:00:07]} 8. Qf3 {[%emt 0:02:13]} Nbd7 {[%emt 0:00:08]} 9. O-O-O {[%emt 0:01:55]} Qc7 {[%emt 0:00:13]} 10. g4 {[%emt 0:02:21]} b5 {[%emt 0:00:19]} 11. Bxf6 {[%emt 0:00:54]} Nxf6 {[%emt 0:02:53]} 12. g5 {[%emt 0:00:13]} Nd7 {[%emt 0:00:09]} 13. f5 {[%emt 0:02:08]} O-O {[%emt 0:12:46]} 14. Rg1 {[%emt 0:14:40]} b4 {[%emt 0:00:28]} 15. Nce2 {[%emt 0:03:13]} e5 {[%emt 0:00:14]} 16. f6 {[%emt 0:02:43]} exd4 {[%emt 0:00:54]} 17. fxe7 {[%emt 0:00:14]} Re8 {[%emt 0:00:10]} 18. Nxd4 {[%emt 0:00:53]} Ne5 {[%emt 0:00:11]} 19. Qb3 {[%emt 0:04:44]} a5 {[%emt 0:24:38]} 20. Nb5 {[%emt 0:08:06]} Qc5 {[%emt 0:00:11]} 21. Qg3 {[%emt 0:00:41]} Be6 {[%emt 0:01:16]} 22. Nxd6 {[%emt 0:03:04]} Rxe7 {[%emt 0:00:16]} 23. Bh3 {[%emt 0:00:43]} Rc7 {[%emt 0:04:36]} 24. Rg2 {[%emt 0:01:19]} Rd8 {[%emt 0:00:55]} 25. Rdd2 {[%emt 0:11:47]} Rcd7 {[%emt 0:06:27]} 26. Nf5 {[%emt 0:07:11]} Nd3+ {[%emt 0:27:54]} 27. Kb1 {[%emt 0:00:12]} Nf4 {[%emt 0:01:06]} 28. Nh6+ {[%emt 0:16:07]} Kf8 {[%emt 0:01:10]} 29. Rxd7 {[%emt 0:03:35]} Rxd7 {[%emt 0:00:16]} 30. Rg1 {[%emt 0:00:08]} Nxh3 {[%emt 0:02:35]} 31. Qb8+ {[%emt 0:00:11]} 1-0

[Event "Mukachevo IM October 2019"]
[Site "Mukachevo"]
[Date "2019.10.03"]
[Round "4.3"]
[White "Sernecki, Franciszek"]
[Black "Kersten, Uwe"]
[Result "1-0"]
[WhiteElo "2276"]
[BlackElo "2239"]
[Annotator "NA"]
[PlyCount "75"]
[EventDate "2019.10.01"]
[EventType "tourn"]
[EventCountry "UKR"]
[SourceTitle "playchess.com"]
[Source "ChessBase"]
[SourceQuality "1"]
[TimeControl "40/5400+30:900+30"]

1. d4 {[%emt 0:00:00]} Nf6 {[%emt 0:00:00]} 2. c4 {[%emt 0:00:33]} c5 {[%emt 0:02:21]} 3. d5 {[%emt 0:02:56]} g6 {[%emt 0:01:35]} 4. Nc3 {[%emt 0:05:09]} d6 {[%emt 0:00:03]} 5. e4 {[%emt 0:03:35]} Bg7 {[%emt 0:00:06]} 6. Nf3 {[%emt 0:00:59]} O-O {[%emt 0:00:37]} 7. Be2 {[%emt 0:00:53]} e6 {[%emt 0:01:19]} 8. O-O {[%emt 0:01:00]} exd5 {[%emt 0:01:09]} 9. cxd5 {[%emt 0:00:32]} Bg4 {[%emt 0:15:18]} 10. Nd2 {[%emt 0:25:05]} Bxe2 {[%emt 0:00:16]} 11. Qxe2 {[%emt 0:00:08]} Re8 {[%emt 0:01:13]} 12. Qd3 {[%emt 0:04:35]} Nbd7 {[%emt 0:06:41]} 13. Nc4 {[%emt 0:07:14]} b5 {[%emt 0:17:53]} 14. Nxb5 {[%emt 0:05:54]} Rxe4 {[%emt 0:01:24]} 15. Bg5 {[%emt 0:06:49]} Qb8 {[%emt 0:12:16]} 16. Bxf6 {[%emt 0:09:32]} Nxf6 {[%emt 0:00:19]} 17. Nbxd6 {[%emt 0:02:02]} Rd4 {[%emt 0:04:14]} 18. Qf3 {[%emt 0:01:47]} Qf8 {[%emt 0:15:42]} 19. b3 {[%emt 0:09:34]} Rd8 {[%emt 0:03:26]} 20. Nb5 {[%emt 0:00:37]} R4xd5 {[%emt 0:00:16]} 21. Rad1 {[%emt 0:01:47]} a6 {[%emt 0:02:57]} 22. Nc3 {[%emt 0:04:04]} Rd4 {[%emt 0:01:16]} 23. Rfe1 {[%emt 0:00:45]} h5 {[%emt 0:02:37]} 24. h3 {[%emt 0:02:08]} Rxd1 {[%emt 0:02:04]} 25. Rxd1 {[%emt 0:00:19]} Rd4 {[%emt 0:00:27]} 26. Re1 {[%emt 0:02:18]} Qd8 {[%emt 0:00:25]} 27. Qc6 {[%emt 0:01:38]} Nd7 {[%emt 0:04:21]} 28. Na4 {[%emt 0:01:28]} Qg5 {[%emt 0:01:32]} 29. Nab6 {[%emt 0:00:32]} Nf6 {[%emt 0:01:35]} 30. Nc8 {[%emt 0:00:30]} Nd5 {[%emt 0:00:18]} 31. Qe8+ {[%emt 0:00:25]} Kh7 {[%emt 0:00:01]} 32. Qe2 {[%emt 0:00:40]} Nf4 {[%emt 0:01:09]} 33. Qf3 {[%emt 0:00:12]} Rd3 {[%emt 0:00:11]} 34. Re3 {[%emt 0:00:41]} Rd1+ {[%emt 0:01:18]} 35. Kh2 {[%emt 0:00:00]} Bd4 {[%emt 0:00:16]} 36. Re7 {[%emt 0:00:27]} Rd3 {[%emt 0:00:27]} 37. Rxf7+ {[%emt 0:00:10]} Kg8 {[%emt 0:00:48]} 38. Qxf4 {[%emt 0:00:11]} 1-0

[Event "Mukachevo IM October 2019"]
[Site "Mukachevo"]
[Date "2019.10.03"]
[Round "4.4"]
[White "Boricsev, Oleg"]
[Black "Oros, Robert"]
[Result "1/2-1/2"]
[WhiteElo "2241"]
[BlackElo "2284"]
[Annotator "NA"]
[PlyCount "121"]
[EventDate "2019.10.01"]
[EventType "tourn"]
[EventCountry "UKR"]
[SourceTitle "playchess.com"]
[Source "ChessBase"]
[SourceQuality "1"]
[TimeControl "40/5400+30:900+30"]

1. e4 {[%emt 0:00:00]} e5 {[%emt 0:01:20]} 2. Nf3 {[%emt 0:00:00]} Nf6 {[%emt 0:01:09]} 3. Nxe5 {[%emt 0:00:04]} d6 {[%emt 0:00:11]} 4. Nf3 {[%emt 0:00:05]} Nxe4 {[%emt 0:00:05]} 5. Nc3 {[%emt 0:00:21]} Nxc3 {[%emt 0:00:21]} 6. dxc3 {[%emt 0:00:06]} Be7 {[%emt 0:00:19]} 7. Be3 {[%emt 0:00:45]} Nc6 {[%emt 0:00:48]} 8. Qd2 {[%emt 0:01:14]} Bg4 {[%emt 0:02:18]} 9. Be2 {[%emt 0:00:35]} Qd7 {[%emt 0:00:33]} 10. h3 {[%emt 0:00:36]} Bf5 {[%emt 0:00:24]} 11. O-O-O {[%emt 0:01:22]} a6 {[%emt 0:00:52]} 12. Nd4 {[%emt 0:05:51]} Nxd4 {[%emt 0:00:20]} 13. Bxd4 {[%emt 0:01:12]} Rg8 {[%emt 0:05:20]} 14. Rhe1 {[%emt 0:06:31]} O-O-O {[%emt 0:00:54]} 15. Bf3 {[%emt 0:01:02]} Be6 {[%emt 0:03:23]} 16. Kb1 {[%emt 0:19:55]} h6 {[%emt 0:09:08]} 17. c4 {[%emt 0:06:38]} c5 {[%emt 0:02:29]} 18. Bc3 {[%emt 0:03:16]} Bg5 {[%emt 0:02:04]} 19. Qd3 {[%emt 0:05:31]} Bf5 {[%emt 0:01:02]} 20. Be4 {[%emt 0:03:09]} Bxe4 {[%emt 0:00:12]} 21. Rxe4 {[%emt 0:00:29]} f5 {[%emt 0:07:37]} 22. Re2 {[%emt 0:01:59]} Rge8 {[%emt 0:00:53]} 23. Rde1 {[%emt 0:03:18]} Rxe2 {[%emt 0:00:41]} 24. Qxe2 {[%emt 0:00:26]} Qf7 {[%emt 0:03:10]} 25. Ba5 {[%emt 0:04:33]} Rf8 {[%emt 0:00:34]} 26. Qd3 {[%emt 0:01:02]} Qd7 {[%emt 0:03:22]} 27. a3 {[%emt 0:02:01]} Bf6 {[%emt 0:01:46]} 28. Qd5 {[%emt 0:01:00]} Bd8 {[%emt 0:06:11]} 29. Bd2 {[%emt 0:02:40]} Qc6 {[%emt 0:02:59]} 30. Re6 {[%emt 0:06:28]} Rf6 {[%emt 0:07:39]} 31. Rxf6 {[%emt 0:01:35]} Qxd5 {[%emt 0:00:39]} 32. cxd5 {[%emt 0:00:05]} Bxf6 {[%emt 0:00:07]} 33. c4 {[%emt 0:00:10]} Kd7 {[%emt 0:09:38]} 34. Kc2 {[%emt 0:00:19]} h5 {[%emt 0:01:52]} 35. b3 {[%emt 0:00:46]} Bd4 {[%emt 0:00:43]} 36. f3 {[%emt 0:00:31]} Be5 {[%emt 0:00:24]} 37. g4 {[%emt 0:01:09]} g6 {[%emt 0:04:47]} 38. Bg5 {[%emt 0:02:30]} Bg3 {[%emt 0:02:32]} 39. Kd3 {[%emt 0:01:08]} Ke8 {[%emt 0:01:40]} 40. Ke3 {[%emt 0:00:00]} Be5 {[%emt 0:00:00]} 41. gxh5 {[%emt 0:07:56]} gxh5 {[%emt 0:00:39]} 42. Kf2 {[%emt 0:00:35]} Kf7 {[%emt 0:01:49]} 43. a4 {[%emt 0:01:43]} Bf6 {[%emt 0:03:47]} 44. Bd2 {[%emt 0:07:47]} Bd4+ {[%emt 0:01:24]} 45. Kg3 {[%emt 0:00:58]} Be5+ {[%emt 0:01:24]} 46. Kf2 {[%emt 0:01:54]} Bd4+ {[%emt 0:00:10]} 47. Ke2 {[%emt 0:00:10]} Be5 {[%emt 0:00:46]} 48. b4 {[%emt 0:01:05]} cxb4 {[%emt 0:01:30]} 49. Bxb4 {[%emt 0:00:24]} Ke7 {[%emt 0:00:48]} 50. Ke3 {[%emt 0:00:38]} Kd7 {[%emt 0:01:38]} 51. Be1 {[%emt 0:02:27]} Kc7 {[%emt 0:01:10]} 52. Ba5+ {[%emt 0:02:38]} Kd7 {[%emt 0:00:13]} 53. Bb6 {[%emt 0:00:26]} Bh2 {[%emt 0:01:05]} 54. Kd3 {[%emt 0:00:58]} Bf4 {[%emt 0:00:56]} 55. Be3 {[%emt 0:01:30]} Be5 {[%emt 0:00:32]} 56. Bg5 {[%emt 0:00:58]} Bb2 {[%emt 0:00:42]} 57. Ke2 {[%emt 0:01:20]} Bd4 {[%emt 0:00:22]} 58. Be3 {[%emt 0:00:32]} Be5 {[%emt 0:00:10]} 59. f4 {[%emt 0:00:31]} Bf6 {[%emt 0:00:34]} 60. a5 {[%emt 0:01:45]} Bd8 {[%emt 0:00:46]} 61. Bd2 {[%emt 0:00:27]} 1/2-1/2

[Event "Mukachevo IM October 2019"]
[Site "Mukachevo"]
[Date "2019.10.03"]
[Round "4.5"]
[White "Ganze, Laszlo"]
[Black "Tiba, Vladyslav"]
[Result "0-1"]
[WhiteElo "1942"]
[BlackElo "2360"]
[Annotator "TA"]
[PlyCount "77"]
[EventDate "2019.10.01"]
[EventType "tourn"]
[EventCountry "UKR"]
[SourceTitle "playchess.com"]
[Source "ChessBase"]
[SourceQuality "1"]

{[%evp 16,77,45,45,38,39,40,35,41,37,65,52,66,39,37,35,45,48,87,0,115,141,136,118,84,97,135,9,11,-24,-7,-39,-42,-82,-65,-87,-94,-82,-39,-126,-154,-161,-164,-181,-150,-241,-189,-260,-197,-197,-166,-180,-108,-175,-177,-258,-256,-560,-560,-531,-533,-520,-427,-1568]} 1. e4 c5 2. Nf3 e6 3. d4 cxd4 4. Nxd4 a6 5. Bd3 Bc5 6. Nb3 Be7 7. O-O d6 8. c4 Nf6 9. Nc3 b6 {B42: Sicilian: Kan Variation: 5 Bd3} 10. f4 Nbd7 11. Qe2 Bb7 {White is slightly better.} 12. Be3 Rb8 $146 ({Predecessor:} 12... O-O 13. Rac1 Re8 14. Nd2 Bf8 15. b4 Rc8 16. a3 g6 17. h3 {1-0 (47) Yu,R (2556)-Yu,Y (2696) Ho Chi Minh City 2013}) 13. Rad1 Qc7 14. Bf2 O-O 15. Bg3 e5 16. Nd5 Bxd5 17. exd5 (17. cxd5 $16 g6 18. Rc1 (18. Bxa6 b5 $16)) 17... b5 (17... g6 $11 {remains equal.}) 18. fxe5 $16 dxe5 19. cxb5 axb5 20. Kh1 b4 21. d6 (21. Nd4 $16) 21... Bxd6 $11 22. Bb1 Rbd8 23. Qd3 Be7 24. Qf5 g6 25. Qh3 Nh5 26. Bf2 f5 27. Rde1 (27. Rc1 $15 Qd6 28. Nc5 Nxc5 29. Bxc5) 27... Nf4 $17 28. Qf3 e4 $36 {[%mdl 2048] Black is on the roll.} 29. Qe3 Nd5 30. Qh6 (30. Qe2 $17) 30... Bf6 31. Bg3 (31. Nd4 {is a better defense.}) 31... Qb6 32. Bf2 Qe6 33. Nd4 Qf7 (33... Qd6 $19 34. Bc2 Nc5) 34. Rd1 (34. Bg1 $17) 34... Ne5 {Threatens to win with ...Ng4.} 35. h3 (35. Bg1 $142) 35... Qe7 {aiming for ...Bg5.} 36. Qd2 $2 {[#]} (36. Qc1 {nothing else works.}) 36... e3 $1 $19 {[%mdl 576] Decoy. Black is clearly winning.} 37. Bxe3 Nc4 $1 {[%csl LRd2,LRe3][%mdl 64] Double Attack} 38. Qe2 Ndxe3 39. Rxf5 {Accuracy: White = 28%, Black = 44%.} (39. Nc6 $142 Qf7 40. Rxd8 Bxd8 41. Rc1) 0-1

[Event "Mukachevo IM October 2019"]
[Site "Mukachevo"]
[Date "2019.10.03"]
[Round "5.1"]
[White "Tiba, Vladyslav"]
[Black "Shkuran, Danylo"]
[Result "1/2-1/2"]
[WhiteElo "2360"]
[BlackElo "2343"]
[Annotator "NA"]
[PlyCount "30"]
[EventDate "2019.10.01"]
[EventType "tourn"]
[EventCountry "UKR"]
[SourceTitle "playchess.com"]
[Source "ChessBase"]
[SourceQuality "1"]
[TimeControl "40/5400+30:900+30"]

1. e4 {[%emt 0:00:00]} e5 {[%emt 0:03:52]} 2. Nf3 {[%emt 0:00:33]} Nc6 {[%emt 0:00:03]} 3. Bb5 {[%emt 0:00:07]} a6 {[%emt 0:00:04]} 4. Ba4 {[%emt 0:00:03]} Nf6 {[%emt 0:00:04]} 5. O-O {[%emt 0:00:08]} d6 {[%emt 0:00:06]} 6. Re1 {[%emt 0:00:15]} Be7 {[%emt 0:00:05]} 7. c3 {[%emt 0:00:22]} b5 {[%emt 0:00:08]} 8. Bb3 {[%emt 0:00:07]} O-O {[%emt 0:00:05]} 9. h3 {[%emt 0:01:05]} Bb7 {[%emt 0:00:11]} 10. d4 {[%emt 0:00:06]} Re8 {[%emt 0:00:33]} 11. Ng5 {[%emt 0:02:00]} Rf8 {[%emt 0:00:10]} 12. Nf3 {[%emt 0:00:09]} Re8 {[%emt 0:00:07]} 13. Ng5 {[%emt 0:00:52]} Rf8 {[%emt 0:00:09]} 14. Nf3 {[%emt 0:00:06]} Re8 {[%emt 0:00:06]} 15. Ng5 {[%emt 0:00:06]} Rf8 {[%emt 0:00:12]} 1/2-1/2

[Event "Mukachevo IM October 2019"]
[Site "Mukachevo"]
[Date "2019.10.03"]
[Round "5.2"]
[White "Oros, Robert"]
[Black "Ganze, Laszlo"]
[Result "1-0"]
[WhiteElo "2284"]
[BlackElo "1942"]
[Annotator "NA"]
[PlyCount "121"]
[EventDate "2019.10.01"]
[EventType "tourn"]
[EventCountry "UKR"]
[SourceTitle "playchess.com"]
[Source "ChessBase"]
[SourceQuality "1"]
[TimeControl "40/5400+30:900+30"]

1. e4 {[%emt 0:00:00]} c5 {[%emt 0:00:00]} 2. Nf3 {[%emt 0:00:00]} d6 {[%emt 0:00:00]} 3. g3 {[%emt 0:01:21]} Nc6 {[%emt 0:00:55]} 4. Bg2 {[%emt 0:00:08]} Nf6 {[%emt 0:02:07]} 5. Nc3 {[%emt 0:01:13]} g6 {[%emt 0:00:33]} 6. O-O {[%emt 0:00:17]} Bg7 {[%emt 0:00:05]} 7. d3 {[%emt 0:01:04]} O-O {[%emt 0:00:25]} 8. Re1 {[%emt 0:01:34]} Bg4 {[%emt 0:02:09]} 9. h3 {[%emt 0:00:12]} Bxf3 {[%emt 0:03:05]} 10. Qxf3 {[%emt 0:00:51]} Nd4 {[%emt 0:01:34]} 11. Qd1 {[%emt 0:00:08]} Rb8 {[%emt 0:05:52]} 12. Nd5 {[%emt 0:01:25]} e6 {[%emt 0:02:58]} 13. Ne3 {[%emt 0:00:12]} Nd7 {[%emt 0:01:32]} 14. a3 {[%emt 0:09:19]} a5 {[%emt 0:04:28]} 15. a4 {[%emt 0:01:38]} Qc7 {[%emt 0:07:34]} 16. c3 {[%emt 0:02:32]} Nc6 {[%emt 0:00:12]} 17. Nc4 {[%emt 0:00:22]} Nb6 {[%emt 0:03:40]} 18. Na3 {[%emt 0:01:52]} Na7 {[%emt 0:00:29]} 19. Qc2 {[%emt 0:07:34]} Qc6 {[%emt 0:04:39]} 20. b3 {[%emt 0:00:58]} Nd7 {[%emt 0:01:42]} 21. Bd2 {[%emt 0:02:41]} b6 {[%emt 0:00:28]} 22. Nc4 {[%emt 0:00:40]} Nc8 {[%emt 0:01:39]} 23. Be3 {[%emt 0:05:21]} Ne7 {[%emt 0:03:41]} 24. Na3 {[%emt 0:02:14]} Rbd8 {[%emt 0:02:33]} 25. Qd2 {[%emt 0:01:28]} e5 {[%emt 0:02:09]} 26. Nb5 {[%emt 0:03:16]} Nf6 {[%emt 0:01:30]} 27. Bg5 {[%emt 0:01:25]} Qd7 {[%emt 0:01:05]} 28. Rad1 {[%emt 0:08:13]} Nc6 {[%emt 0:07:49]} 29. d4 {[%emt 0:01:00]} Qe7 {[%emt 0:00:48]} 30. d5 {[%emt 0:01:01]} Nb8 {[%emt 0:00:53]} 31. h4 {[%emt 0:03:58]} Rfe8 {[%emt 0:04:38]} 32. Bh3 {[%emt 0:02:21]} Qf8 {[%emt 0:02:39]} 33. Qd3 {[%emt 0:02:51]} h6 {[%emt 0:00:30]} 34. Bd2 {[%emt 0:01:06]} Kh7 {[%emt 0:01:56]} 35. Na3 {[%emt 0:04:43]} Qe7 {[%emt 0:01:53]} 36. Qf3 {[%emt 0:00:41]} Nbd7 {[%emt 0:02:02]} 37. Bf1 {[%emt 0:00:54]} Rh8 {[%emt 0:00:56]} 38. Bb5 {[%emt 0:01:31]} h5 {[%emt 0:02:29]} 39. Nc4 {[%emt 0:01:33]} Rb8 {[%emt 0:04:48]} 40. Bg5 {[%emt 0:00:00]} Nf8 {[%emt 0:00:00]} 41. Rb1 {[%emt 0:12:28]} Kg8 {[%emt 0:03:39]} 42. b4 {[%emt 0:00:59]} axb4 {[%emt 0:00:57]} 43. cxb4 {[%emt 0:00:53]} N8h7 {[%emt 0:00:46]} 44. Bd2 {[%emt 0:02:06]} Ng4 {[%emt 0:01:16]} 45. a5 {[%emt 0:01:14]} bxa5 {[%emt 0:01:20]} 46. bxc5 {[%emt 0:03:18]} dxc5 {[%emt 0:01:01]} 47. Bc6 {[%emt 0:00:47]} Rxb1 {[%emt 0:02:28]} 48. Rxb1 {[%emt 0:00:07]} Nhf6 {[%emt 0:00:53]} 49. Rb7 {[%emt 0:00:45]} Qd8 {[%emt 0:03:41]} 50. Qb3 {[%emt 0:01:32]} Kh7 {[%emt 0:00:53]} 51. f3 {[%emt 0:00:50]} Nh6 {[%emt 0:02:37]} 52. Bxh6 {[%emt 0:05:43]} Bxh6 {[%emt 0:01:21]} 53. Rxf7+ {[%emt 0:01:08]} Bg7 {[%emt 0:00:28]} 54. Qb7 {[%emt 0:01:15]} Rg8 {[%emt 0:00:25]} 55. Nxe5 {[%emt 0:01:33]} a4 {[%emt 0:00:26]} 56. Qa7 {[%emt 0:03:01]} a3 {[%emt 0:00:45]} 57. Qxa3 {[%emt 0:03:03]} Qb6 {[%emt 0:00:20]} 58. Rb7 {[%emt 0:02:43]} Qd8 {[%emt 0:00:23]} 59. Nf7 {[%emt 0:02:19]} Qc8 {[%emt 0:00:41]} 60. Qc3 {[%emt 0:00:50]} Ne8 {[%emt 0:04:09]} 61. Qc1 {[%emt 0:00:42]} 1-0